| 000 | 00572nam a2200217Ia 4500 | ||
|---|---|---|---|
| 008 | 160620s9999||||xx |||||||||||||| ||und|| | ||
| 040 | _cEnglish | ||
| 082 | _aXV.D2/Denmark | ||
| 082 | _bBORI-11100 | ||
| 245 | 4 | _aThe Humanities And The Sciences In Denmark | |
| 300 | _aXvi+723 | ||
| 300 | _cC | ||
| 300 | _ePaperback | ||
| 530 | _u00011100.pdf | ||
| 563 | _aRef | ||
| 630 | _aThe Humanities And The Sciences In Denmark | ||
| 650 | _aComm.Vol.Of Institute | ||
| 650 | _aReference | ||
| 730 | _aThe Humanities And The Sciences In Denmark | ||
| 942 | _cBOOK | ||
| 999 |
_c1387757 _d1387754 |
||